000 00216nam a22000857a 4500
008 170614b xxu||||| |||| 00| 0 eng d
100 _93390
_aGusain. V
245 _aComputer World - VII
260 _aNew Delhi
_bA. B. D
_c2009
999 _c6749
_d6749